|
|
|
|
| LEADER |
00947nam a22003257a 4500 |
| 001 |
29998 |
| 003 |
BD-DhAAL |
| 005 |
20151011144850.0 |
| 008 |
150709s1975 bg ||||| |||| 00| 0 eng d |
| 040 |
|
|
|a BD-DhAAL
|c BD-DhAAL
|
| 082 |
|
|
|2 22
|a 307.1412095492
|
| 999 |
|
|
|c 35761
|d 35761
|
| 999 |
|
|
|c 34996
|
| 999 |
|
|
|c 34996
|
| 999 |
|
|
|c 34994
|
| 999 |
|
|
|c 34994
|
| 999 |
|
|
|c 34994
|
| 999 |
|
|
|c 34994
|
| 999 |
|
|
|c 34994
|
| 999 |
|
|
|c 34988
|
| 245 |
|
|
|a Manikgang project :
|b proposal for phase II & III
|
| 260 |
|
|
|a Dacca :
|b BRAC,
|c 1975
|
| 300 |
|
|
|a 16 p. :
|c 34 cm.
|b ill. ;
|
| 541 |
|
|
|e 29998
|
| 610 |
|
|
|a BRAC
|9 15280
|
| 650 |
|
|
|a Rural development
|9 7235
|z Bangladesh
|
| 710 |
|
|
|a BRAC
|9 12971
|
| 852 |
|
|
|a Ayesha Abed Library
|b BRAC Resource Section
|
| 942 |
|
|
|2 ddc
|c BK
|
| 952 |
|
|
|0 0
|1 0
|2 ddc
|4 0
|6 307_141209549200000_MAN
|7 0
|9 56244
|a BRACUL
|b BRACUL
|c BRS
|d 2015-10-11
|e BRAC
|l 0
|o 307.1412095492 MAN
|p 3010029998
|r 2015-10-11
|t 1
|w 2015-10-11
|y BK
|